INFLUENCE OF SUBCUTANEOUS FAT ON THE VARIABILITY OF BODY SURFACE INTEGRAL MAPS

Bibliographic Details
Main Authors: Regecová, Valéria, 1954-2020 (Author), Katina, Stanislav (Author), Kellerová, Eva, 1932- (Author), Szathmáry, Vavrinec (Author)
Format: Article
Language:English

MARC

LEADER 00000nab a2200000 a 4500
001 vtls011117877
003 SK-MaSNL
005 20260303190422.0
008 230222|2007 xo |||||||||||||||||eng|
015 |a SNBRB 
035 |a (uuid)8a938454-acf9-4d62-ac97-fcd9d0d4a389 
035 |a (urnnbn)urn:nbn:sk:snk:ar-a08m4r 
035 |a urn:nbn:sk:snk-ab9o7m 
040 |a SNKBUCL  |b slo  |c SNKBUCL  |e AACR2 
041 0 |a eng 
044 |a xo  |c SK 
100 1 |a Regecová, Valéria,  |d 1954-2020  |4 aut  |9 232168 
245 1 0 |a INFLUENCE OF SUBCUTANEOUS FAT ON THE VARIABILITY OF BODY SURFACE INTEGRAL MAPS  |c Valéria Regecová, Stanislav Katina, Eva Kellerová, Vavrinec Szathmáry 
700 1 |a Katina, Stanislav  |4 aut  |9 336275 
700 1 |a Kellerová, Eva,  |d 1932-  |4 aut  |9 39831 
700 1 |a Szathmáry, Vavrinec  |4 aut  |9 806096 
773 0 |t Slovenská antropológia : bulletin Slovenskej antropologickej spoločnosti pri SAV  |g Roč. 10, č. 1 (2007), s. 113-118 
958 |a OND 
958 |a EUIPO 
958 |a article13 
999 |c 2136166  |d 2138096